00605nam a2200181Ia 4500008004100000020001500041041001200056082001600068100001400084245005900098260003500157300000800192650001600200700001400216942000700230999001500237952017100252221030s9999 xx 000 0 und d a8187522070 aEnglish a105.23bSal aE. Nemeth 0aLinux Administration handbookcby E. Nemeth, G. Snyder bPearson EdcuationaDelhic2000 a890 aBE Computer aG. Snyder cBK c6858d6858 pBE 2479g295.00l0o105.23 Salr2024-06-13 00:00:00w2022-10-30yBK003Print4070aMIETLIBbMIETLIBcBL-Academic Block C, FL-2, CUP-92, SH-1, R-1d2001-02-0210HBE